000 00388nam a2200157Ia 4500
008 221030s9999 xx 000 0 und d
020 _a8120309839
041 _aEnglish
082 _a105.23
_bSte
100 _aB. G. Streetman
245 0 _aSolid State Electronic Devices ( DEPARTMENTAL )
260 _bPHI
_aNew Delhi
_c1995
300 _a462
650 _aECE Departmental
942 _cBK
999 _c279
_d279